|
|
|
|
| LEADER |
00824nam a2200217 a 4500 |
| 001 |
GR-MES273 |
| 008 |
991111s gr 000 b eng d |
| 020 |
|
|
|a 0683041088
|
| 040 |
|
|
|a GrPaTEI
|b gre
|c GR-PaULI
|
| 245 |
0 |
0 |
|a Systematic bacteriology
|n 1.
|
| 260 |
|
|
|a Baltimore :
|b Williams and Wilkins,
|c c1984
|
| 300 |
|
|
|a xxvii, 964σελ. :
|b εικ.,πιν.
|
| 504 |
|
|
|a Βιβλιογραφία: σελ.837-942
|
| 650 |
|
4 |
|a Μικροβιολογία
|
| 700 |
1 |
|
|a Holt, John G.
|
| 700 |
1 |
|
|a Krieg, Noel R.
|
| 710 |
0 |
|
|a Williams and Wilkins
|
| 942 |
|
|
|2 ddc
|
| 952 |
|
|
|0 0
|1 0
|2 ddc
|4 0
|6 589_900000000000000_ΚRΙ
|7 0
|9 263505
|a MSLG
|b MSLG
|c BSC
|d 2021-01-17
|e 24
|f 0
|g 0.00
|l 0
|o 589.9 ΚRΙ
|p 2420000003965
|r 2021-01-17 00:00:00
|t 1
|w 2021-01-17
|y BK15
|x 19991111 0 1
|x GrPaTEI
|
| 971 |
|
|
|a .b25713140
|b 15-04-20
|c 13-09-16
|
| 999 |
|
|
|c 151688
|d 151688
|